Dwayne Wade - Statistics

General Stats
  • This quiz has been taken 1,464 times
  • The average score is 7 of 11
Answer Stats
Hint Answer % Correct
What number does he wear on his jersey? 3
97%
What year did he win the NBA championship? 2006
95%
What team was he picked by? Heat
86%
What position does he play? Shooting Guard
83%
When did he win the NBA scoring title? 2009
82%
How tall is he? 6'4
78%
In the 2010-2011 season, what other allstar did he team up with? Lebron James
59%
What college did he go to? Marquette
50%
Where is he from? Chicago
45%
What overall pick was he in the 2003 draft? 5th
43%
In 2009-10, Dwyane set a Heat record when he played in how many consecutive games? 148
4%
No matching quizzes found
Score Distribution
Percent of People with Each Score
Percentile by Number Answered
Your Score History
You have not taken this quiz